01087nam a2200241 a 4500001001000000003000500010005001700015008004100032010001100073011001100084040000900095100003300104245026300137260004100400500006000441502008700501650005200588650002900640650004000669650003700709700002900746856007000775000110390CHAP20220329144130.0140825s2014 mx | |sm |||||||spa|d a106852 a107824 cCHAP1 aRojas Estrada, Liliana Iveth10aAnálisis técnico y socioeconómico de los programas de reforestación implementados por la Comisión Nacional Forestal (CONAFOR) en el Estado de México en el periodo 2009-2012h[En línea]cpor Liliana Iveth Rojas Estrada y Roberto Morales Estrada. aChapingo, Méx. :bEl autor,c2014. aPara ver el contenido del material haga clic en la liga aTesis (Ing. en Restauración Forestal) -- UACH. División de Ciencias Forestales14aBosquesxAspectos económicosxMéxico (Edo.)14aBosquesxRegeneración.14aReforestaciónxAspectos sociales.14aReforestaciónxMéxico (Edo.)1 aMorales Estrada, Roberto aFinding aiduhttp://10.13.5.2/tesis/sist110390.pdfzTeclea aquí